000 00317nam a22001457a 4500
008 221108b ||||| |||| 00| 0 eng d
020 _a9780813317762
041 _aeng
080 _a61
082 _a61 JAG
100 _a4
101 _aMJK
245 _aLIVING WITH CONTRADICTIONS
_cJAGGAR M.A
942 _2udc
_cBK
999 _c58790
_d58790